[Event "Round II"]
[Site "http://www.queenalice.com/game.php?id=696426"]
[Date "2009.12.11"]
[Round "-"]
[White "aegoyne"]
[Black "rpnoyes"]
[Result "0-1"]
[WhiteElo "1100"]
[BlackElo "1406"]

1. d4 d6 2. e4 Be6 3. d5 Qd7 4. a4 Nf6 5. Bb5 c6 6. e5 Nxd5 7. Nc3 cxb5 8. axb5
Nxc3 9. bxc3 Qxb5 10. Nf3 dxe5 11. Qe2 Bc4 12. Qd2 e6 13. Ng5 Bc5 14. h4 O-O 15.
Rh3 Na6 16. Rg3 Nb4 17. Ne4 Be7 18. Qd1 Bxh4 19. Rg4 Nd5 20. Rxh4 Nxc3 21. Qg4
Bd3 22. Rh3 Be2 23. Rg3 Bxg4 24. Rxg4 Qe2# 0-1

[Event "Counting down the days :-)"]
[Site "http://www.queenalice.com/game.php?id=699145"]
[Date "2009.12.17"]
[Round "-"]
[White "rpnoyes"]
[Black "aegoyne"]
[Result "0-1"]
[WhiteElo "1437"]
[BlackElo "1053"]

1. c4 e6 2. Qa4 Qf6 3. d3 Bc5 4. Nh3 Nh6 5. Bf4 O-O 6. Bg5 Qf5 7. e4 Qe5 8. Be2
f6 9. Bf4 Qxb2 10. O-O Ng4 11. Bxg4 f5 12. exf5 b6 13. Bxc7 exf5 14. Bh5 Nc6 15.
Nf4 g6 16. Bf3 g5 17. Nd5 g4 18. Bd1 g3 19. hxg3 Bb7 20. Ne7+ Kf7 21. Nxf5 Kg8
22. Nh6+ Kh8 23. Bg4 Rf6 24. Bxd7 Rxh6 25. Bf4 Rf6 26. Qd1 Rxf4 27. gxf4 Rg8 28.
Be6 Qg7 29. Qh5 Qxg2# 0-1

[Event "Revenge"]
[Site "http://www.queenalice.com/game.php?id=709218"]
[Date "2010.1.6"]
[Round "-"]
[White "rpnoyes"]
[Black "aegoyne"]
[Result "1-0"]
[WhiteElo "1241"]
[BlackElo "1314"]

1. e4 e6 2. d4 Bb4+ 3. c3 Ba5 4. Bg5 f6 5. Bf4 Nh6 6. Bc4 O-O 7. d5 e5 8. Bg3 c6
9. dxc6+ Kh8 10. cxb7 Bxb7 11. Qd3 Qb6 12. Nh3 Ng4 13. O-O Na6 14. Nd2 Nc5 15.
Qf3 f5 16. Ng5 h6 17. Nf7+ Kh7 18. Nxe5 h5 19. Nb3 Nxe4 20. Nxd7 h4 21. Nxb6
Rad8 22. Bxh4 Rd6 23. Be7 Rdf6 24. Bxf6 gxf6 25. Qxf5+ Kh6 26. Qxa5 f5 27. Qxa7
Bc6 28. Qe7 Rb8 29. Be6 Rxb6 30. Bxf5 Kh5 31. Qg7 Rb5 32. Qxg4+ Kh6 33. Qg6# 1-0

[Event "Ryan Sucks My Arse"]
[Site "http://www.queenalice.com/game.php?id=712916"]
[Date "2010.1.13"]
[Round "-"]
[White "rpnoyes"]
[Black "aegoyne"]
[Result "1-0"]
[WhiteElo "1336"]
[BlackElo "1196"]

1. e4 e5 2. Bc4 c6 3. Qf3 d5 4. exd5 Nf6 5. dxc6 g6 6. Qc3 Ne4 7. Qxe5+ Qe7 8.
Qxh8 Qh4 9. Nf3 Qxf2+ 10. Kd1 Qxg2 11. Ne1 Nf2+ 12. Ke2 Bg4+ 13. Ke3 Qf3+ 14.
Nxf3 bxc6 15. Qxh7 Nh3 16. Qxf7+ Kd8 17. Qxf8+ Kc7 18. d4 Kb7 19. Bd2 Nd7 20.
Qd6 Re8+ 21. Kd3 Nf8 22. Re1 g5 23. Rxe8 Nf4+ 24. Ke4 N4g6 25. Qb8# 1-0

[Event "Of Life"]
[Site "http://www.queenalice.com/game.php?id=714108"]
[Date "2010.1.15"]
[Round "-"]
[White "aegoyne"]
[Black "rpnoyes"]
[Result "0-1"]
[WhiteElo "1144"]
[BlackElo "1379"]

1. b3 e5 2. Ba3 c5 3. h4 d5 4. Rh3 Bf5 5. Rf3 Nh6 6. Nc3 Be7 7. e4 dxe4 8. Rg3
Bxh4 9. Rxg7 Kf8 10. Bxc5+ Kxg7 11. g4 Bxg4 12. Qc1 Bg5 13. Nxe4 Bf4 14. Qb2 Qd5
15. d3 Rc8 16. Be7 Nc6 17. Bd6 Nd4 18. Qa3 Nxc2# 0-1

[Event "Things are heating up"]
[Site "http://www.queenalice.com/game.php?id=715773"]
[Date "2010.1.18"]
[Round "-"]
[White "aegoyne"]
[Black "rpnoyes"]
[Result "1-0"]
[WhiteElo "1215"]
[BlackElo "1317"]

1. Nf3 b5 2. e4 e6 3. d3 Bb7 4. Qd2 Bc5 5. Qf4 Nh6 6. Ne5 O-O 7. Qg3 Qf6 8. Nxd7
Nxd7 9. Bd2 Qxb2 10. Bc3 Qc1+ 11. Ke2 Qxc2+ 12. Ke1 Nb6 13. Qxg7# 1-0

[Event "Chess helps break up the day! :)"]
[Site "http://www.queenalice.com/game.php?id=716936"]
[Date "2010.1.20"]
[Round "-"]
[White "rpnoyes"]
[Black "aegoyne"]
[Result "1-0"]
[WhiteElo "1261"]
[BlackElo "1277"]

1. e4 e6 2. Bc4 Nh6 3. d3 Ng4 4. Qxg4 Bc5 5. Bg5 f6 6. Bh4 g5 7. Bg3 d5 8. Qh5+
Kf8 9. Qh6+ Kf7 10. exd5 b5 11. Bxb5 Qxd5 12. Ne2 Qxg2 13. Kd1 Bb4 14. c3 Ba5
15. Nd4 e5 16. Nf5 Rd8 17. Qg7+ Ke6 18. Qe7+ Kd5 19. Qxd8+ Nd7 20. Bxd7 Qxh1+
21. Kc2 Ba6 22. Qxa8+ Kc5 23. Qxa7+ Bb6 24. Qxa6 Kd5 25. Qb5+ c5 26. Qc6# 1-0

[Event "Needed Distraction"]
[Site "http://www.queenalice.com/game.php?id=718031"]
[Date "2010.1.21"]
[Round "-"]
[White "rpnoyes"]
[Black "aegoyne"]
[Result "1-0"]
[WhiteElo "1303"]
[BlackElo "1231"]

1. d4 d6 2. Bg5 f6 3. Bh4 g5 4. Bg3 Nc6 5. e3 Qd7 6. Bc4 b6 7. d5 Nb4 8. Nc3 Bb7
9. Bb5 c6 10. dxc6 Qe6 11. cxb7+ Kd8 12. bxa8=Q+ Kc7 13. Qxa7+ Kd8 14. Qd4 Nxc2+
15. Kd1 Nxa1 16. Qdxb6+ Kc8 17. Qab7# 1-0

[Event "Friday Fun"]
[Site "http://www.queenalice.com/game.php?id=718615"]
[Date "2010.1.22"]
[Round "-"]
[White "aegoyne"]
[Black "rpnoyes"]
[Result "0-1"]
[WhiteElo "1198"]
[BlackElo "1333"]

1. d4 e5 2. Qd3 Bb4+ 3. Bd2 Bxd2+ 4. Kxd2 Qg5+ 5. e3 exd4 6. Nf3 Qa5+ 7. Kc1 d6
8. g4 Bxg4 9. b4 Qxb4 10. c3 Qc5 11. Qe4+ Ne7 12. Qxb7 O-O 13. exd4 Qf5 14. Qxc7
Qxf3 15. Qxe7 Qxh1 16. f3 Qxf1+ 17. Kd2 Bxf3 18. Na3 Qxa1 19. Ke3 Qxc3+ 20. Kf4
Qxa3 21. h4 Qa4 22. Kxf3 Re8 23. Qxd6 Nc6 24. Kf4 Nxd4 25. h5 Rad8 26. Qc7 Qb5
27. a4 Qf5+ 28. Kg3 Qf3+ 29. Kh4 Nf5+ 30. Kg5 h6# 0-1

[Event " Working Saturdays Suck"]
[Site "http://www.queenalice.com/game.php?id=719162"]
[Date "2010.1.23"]
[Round "-"]
[White "aegoyne"]
[Black "rpnoyes"]
[Result "0-1"]
[WhiteElo "1174"]
[BlackElo "1355"]

1. Nf3 b6 2. e3 e6 3. Bd3 Bd6 4. O-O Qf6 5. b4 Bb7 6. Na3 Bxf3 7. gxf3 Qh6 8. f4
Qh3 9. Re1 h5 10. f5 exf5 11. e4 Bxh2+ 12. Kh1 Rh6 13. Re3 Qh4 14. exf5+ Ne7 15.
Kg2 Kf8 16. f6 gxf6 17. Re4 Bf4 18. Qe1 Rg6+ 19. Kf3 Qg4# 0-1

[Event "Chess kills my Confidence"]
[Site "http://www.queenalice.com/game.php?id=719278"]
[Date "2010.1.24"]
[Round "-"]
[White "rpnoyes"]
[Black "aegoyne"]
[Result "1-0"]
[WhiteElo "1372"]
[BlackElo "1156"]

1. g3 h5 2. Bg2 e6 3. d3 Rh6 4. Nf3 c6 5. Bd2 h4 6. gxh4 e5 7. Nxe5 Re6 8. Nc4
Qxh4 9. e4 d5 10. Ne3 dxe4 11. dxe4 Rf6 12. Qe2 b6 13. e5 Ba6 14. c4 b5 15. exf6
Nd7 16. Bxc6 Kd8 17. Bxa8 bxc4 18. Nxc4 Ne5 19. Qxe5 Bxc4 20. Ba5+ Kc8 21. Qe8#
1-0

[Event "Chase"]
[Site "http://www.queenalice.com/game.php?id=719745"]
[Date "2010.1.24"]
[Round "-"]
[White "aegoyne"]
[Black "rpnoyes"]
[Result "0-1"]
[WhiteElo "1142"]
[BlackElo "1385"]

1. e3 d5 2. a4 e6 3. Bb5+ c6 4. Bd3 Qa5 5. Nh3 Be7 6. f4 e5 7. fxe5 Nh6 8. g4
Bxg4 9. Be2 Bh4+ 10. Nf2 Bxe2 11. Kxe2 Nf5 12. Nh3 Qc5 13. b3 d4 14. Ba3 Qxe5
15. Kd3 dxe3 16. Qf3 Qd4+ 17. Ke2 Ne7 18. Rf1 Qxa1 19. Qxf7+ Kd7 20. Qxe7+ Bxe7
21. Bb4 Bxb4 22. Ng5 Bc5 23. Nc3 Qb2 24. Rf7+ Ke8 25. Rxg7 exd2 26. Kxd2 Bf8 27.
Rxb7 Na6 28. Nce4 Rd8+ 29. Ke2 Rg8 30. Nxh7 Bb4 31. Rxa7 Qxc2+ 32. Ke3 Qd3+ 33.
Kf4 Bd2+ 34. Kf5 Rf8+ 35. Nf6+ Rxf6+ 36. Kxf6 Qxe4 37. Re7+ Qxe7+ 0-1

[Event "Look before you leap"]
[Site "http://www.queenalice.com/game.php?id=720894"]
[Date "2010.1.26"]
[Round "-"]
[White "rpnoyes"]
[Black "aegoyne"]
[Result "1-0"]
[WhiteElo "1395"]
[BlackElo "1131"]

1. d3 e6 2. Bf4 Qf6 3. Qd2 e5 4. Bg5 Qg6 5. Bh4 Qf5 6. e4 Qh5 7. Nf3 a5 8. d4
exd4 9. Qxd4 Ra6 10. g3 Rb6 11. Ne5 d6 12. Nc4 Rb4 13. Be2 Qg6 14. c3 Rb5 15.
Nba3 Rc5 16. b4 Rc6 17. bxa5 Bh3 18. Qa7 d5 19. Qxb8+ Kd7 20. exd5 Ra6 21. Ne3
Bxa3 22. Bg4+ Kd6 23. Bxh3 Qd3 24. Rd1 Qxc3+ 25. Rd2 f6 26. Qd8+ Kc5 27. Qxc7+
Kb4 28. Nc2+ Ka4 29. Qxc3 g5 30. Qxa3+ Kb5 31. Qb4# 1-0

[Event "Heres hoping DC gets closer to D"]
[Site "http://www.queenalice.com/game.php?id=722026"]
[Date "2010.1.28"]
[Round "-"]
[White "aegoyne"]
[Black "rpnoyes"]
[Result "0-1"]
[WhiteElo "1122"]
[BlackElo "1404"]

1. d3 e5 2. e4 Bc5 3. g3 Qf6 4. h4 Bxf2+ 5. Kd2 Bxg3 6. Kc3 Bxh4 7. Nf3 Bf2 8.
b4 Na6 9. Bg5 Qc6+ 10. Kd2 Nxb4 11. Ke2 Qc5 12. d4 Qxc2+ 13. Qd2 Qxe4+ 14. Kxf2
exd4 15. Qxd4 Qc2+ 16. Be2 Nxa2 17. Qe5+ Kf8 18. Qe7+ Nxe7 19. Na3 Qb2 20. Nb5
Nb4 21. Rab1 Qc2 22. Rxb4 a5 23. Rf4 Ra6 24. Ne5 h6 25. Rxf7+ Ke8 26. Bxe7 Rf6+
27. Ke1 Qc1+ 28. Bd1 d6 29. Nc4 Kxf7 30. Bd8 Re6+ 31. Kf2 Qf4+ 32. Bf3 Rxd8 33.
Rc1 Qxc1 34. Bd5 Re8 35. Kg3 c6 36. Ncxd6+ Ke7 37. Nf5+ Kd8 38. Nbd6 Rf8 39. Be4
Rg6+ 40. Kh4 Qe1+ 41. Kh5 Qh1+ 42. Bxh1 Rxf5+ 43. Kxg6 Rf8 44. Kxg7 Rf1 45. Bg2
Rd1 46. Nc4 Be6 47. Nxa5 Rd7+ 48. Kf6 Bd5 49. Bh3 Rf7+ 50. Kg6 b6 51. Nb3 Bxb3
52. Kxh6 c5 53. Bg4 c4 54. Be6 Ke7 55. Bd5 b5 0-1

[Event "Challenge"]
[Site "http://www.queenalice.com/game.php?id=723505"]
[Date "2010.1.31"]
[Round "-"]
[White "aegoyne"]
[Black "rpnoyes"]
[Result "0-1"]
[WhiteElo "1114"]
[BlackElo "1410"]

1. e4 d5 2. c3 Be6 3. Na3 g5 4. d3 Bg7 5. c4 Bd4 6. Qa4+ c6 7. cxd5 Bd7 8. dxc6
bxc6 9. Bxg5 Bxb2 10. Rb1 Qb6 11. Qc2 Bxa3 12. Rxb6 axb6 13. Qb3 Bc5 14. d4 Bxd4
15. Nf3 Be6 16. Qxb6 Bxb6 17. h4 Rxa2 18. e5 Ra1+ 19. Ke2 Bc4+ 20. Kd2 Ba5+ 21.
Ke3 Bb6+ 22. Nd4 Ra3+ 23. Ke4 Bd5+ 24. Kf4 Bxd4 25. Be2 Bxg2 26. Rd1 Bxf2 27. e6
Ra4+ 28. Kf5 Be4+ 29. Ke5 Bg3+ 30. Bf4 f6# 0-1

[Event "Why not?"]
[Site "http://www.queenalice.com/game.php?id=726663"]
[Date "2010.2.6"]
[Round "-"]
[White "rpnoyes"]
[Black "aegoyne"]
[Result "0-1"]
[WhiteElo "1416"]
[BlackElo "1108"]

1. Nh3 e5 2. Nc3 Nh6 3. Nd5 Ng4 4. d4 c6 5. Bg5 f6 6. Bh4 cxd5 7. dxe5 g5 8.
Bxg5 fxg5 9. Nxg5 Qxg5 10. Qxd5 Bh6 11. h4 Qf4 12. Rd1 Qxf2# 0-1

[Event "Sunday Funday!"]
[Site "http://www.queenalice.com/game.php?id=728076"]
[Date "2010.2.8"]
[Round "-"]
[White "aegoyne"]
[Black "rpnoyes"]
[Result "1-0"]
[WhiteElo "1147"]
[BlackElo "1380"]

1. e4 Na6 2. Nh3 Nb4 3. Ng5 d5 4. g3 dxe4 5. Nxe4 Bf5 6. Ng5 Bxc2 7. Qf3 Nh6 8.
a3 Na6 9. Nc3 f6 10. Ne6 Qd6 11. Bc4 c6 12. d3 Qe5+ 13. Kd2 Bxd3 14. Kxd3 Qd6+
15. Nd4 e5 16. Qe4 Rd8 17. Ke2 c5 18. Ne6 Be7 19. Qxb7 Kf7 20. Nf4+ Kf8 21. Ne6+
Ke8 22. Nb5 Qb8 23. Qxa7 Qc8 24. Bd2 Bd6 25. Ba5 Rd7 26. Nxg7+ Rxg7 27. Qb6 Rg4
28. Nxd6+ Kd7 29. Bxa6 Qf8 30. Nb7 Re4+ 31. Kf3 f5 32. Bb5+ Ke7 33. Bd2 Ng4 34.
Bg5+ Kf7 35. Rhd1 Rd4 36. Rac1 Qe7 37. Bxe7 Kxe7 38. Rxd4 cxd4 39. Rc7+ Kf8 40.
Qd6+ Kg8 41. Bc4# 1-0

[Event "Concentration"]
[Site "http://www.queenalice.com/game.php?id=728864"]
[Date "2010.2.9"]
[Round "-"]
[White "aegoyne"]
[Black "rpnoyes"]
[Result "1-0"]
[WhiteElo "1181"]
[BlackElo "1350"]

1. e4 d5 2. Nf3 Bg4 3. h3 Bh5 4. Be2 e5 5. Nxe5 Nf6 6. g4 Bd6 7. f4 dxe4 8. gxh5
Nxh5 9. Bxh5 Qh4+ 10. Kf1 g6 11. Bg4 g5 12. Qe2 gxf4 13. Qb5+ c6 14. Qxb7 Bxe5
15. Bc8 O-O 16. d4 exd3 17. Rg1+ Bg7 18. cxd3 Qxh3+ 19. Kf2 Qxc8 20. Qe7 Re8 21.
Qg5 a5 22. Qxg7# 1-0

[Event "Randomly Ryan Rocks!"]
[Site "http://www.queenalice.com/game.php?id=729718"]
[Date "2010.2.11"]
[Round "-"]
[White "rpnoyes"]
[Black "aegoyne"]
[Result "0-1"]
[WhiteElo "1325"]
[BlackElo "1209"]

1. d4 d5 2. Bg5 f6 3. Bf4 e5 4. Bg3 exd4 5. Qxd4 f5 6. Bh4 Qd6 7. Nc3 Nc6 8. Qa4
Be7 9. Nf3 Nf6 10. e3 O-O 11. Bd3 Ng4 12. h3 Nge5 13. O-O-O Nb4 14. a3 Nbc6 15.
Bxe7 Qxe7 16. Nxd5 Qc5 17. Nxc7 Rb8 18. Qb3+ Kh8 19. Bxf5 Bxf5 20. Qa4 b5 21.
Qa6 Qxc2# 0-1

[Event "The St. Valentine's Day Massacre"]
[Site "http://www.queenalice.com/game.php?id=732172"]
[Date "2010.2.15"]
[Round "-"]
[White "aegoyne"]
[Black "rpnoyes"]
[Result "1-0"]
[WhiteElo "1234"]
[BlackElo "1304"]

1. e4 d6 2. b3 Be6 3. Nf3 Nc6 4. e5 dxe5 5. b4 Nxb4 6. Nxe5 f6 7. Nf3 Nxa2 8.
Ba3 Qd5 9. Bd3 O-O-O 10. c4 Qa5 11. Rxa2 Rxd3 12. Qc2 Bxc4 13. Qxc4 Nh6 14. Qxd3
e5 15. Rc2 Bxa3 16. Rc3 Bb2 17. Rc4 Rd8 18. Qc2 Qa1 19. Ke2 Re8 20. Rc5 f5 21.
Nxe5 Bd4 22. Rxc7+ Kb8 23. Rc1 Bxe5 24. d4 Qxd4 25. Rc8+ Rxc8 26. Qxc8# 1-0

[Event "Sleeplessness Seriously Sucks!"]
[Site "http://www.queenalice.com/game.php?id=734449"]
[Date "2010.2.19"]
[Round "-"]
[White "rpnoyes"]
[Black "aegoyne"]
[Result "1-0"]
[WhiteElo "1285"]
[BlackElo "1255"]

1. g4 e5 2. Bg2 Qg5 3. Bf3 Bc5 4. Nh3 Qh4 5. d3 d6 6. Bg5 Qxh3 7. Kd2 Bxf2 8.
Qf1 Bxg4 9. Qxh3 Bxh3 10. Bxb7 f6 11. Be3 Nh6 12. Bxf2 Bg2 13. Bxg2 Nd7 14. Bxa8
O-O 15. Bd5+ Nf7 16. Bxa7 g5 17. h4 g4 18. Rg1 f5 19. Nc3 Nf6 20. Bc6 e4 21.
Raf1 exd3 22. Rxf5 Re8 23. Bxe8 Nxe8 24. Rxg4+ Kf8 25. Rgf4 dxe2 26. Rxf7+ Kg8
27. Kxe2 Ng7 28. Bd4 Nh5 29. Rf8# 1-0

[Event "Is On"]
[Site "http://www.queenalice.com/game.php?id=735285"]
[Date "2010.2.21"]
[Round "-"]
[White "aegoyne"]
[Black "rpnoyes"]
[Result "0-1"]
[WhiteElo "1239"]
[BlackElo "1300"]

1. e4 b5 2. Bxb5 Bb7 3. Qg4 c6 4. Ba4 h5 5. Qh4 e6 6. Qh3 h4 7. Nf3 Nf6 8. O-O
Nxe4 9. Ne5 Qf6 10. f4 Bc5+ 11. Rf2 Bxf2+ 12. Kf1 Ba6+ 13. d3 d6 14. Nf3 Qf5 15.
g4 Qc5 16. Kg2 Bg1 17. dxe4 Qf2+ 18. Kh1 Bf1 19. Qxf1 Qxf1 20. Nxg1 Qxc1 21. Kg2
Qe3 22. Nc3 h3+ 23. Kf1 Rh4 24. Re1 Qd4 25. Nf3 Qc4+ 26. Re2 Rxg4 27. Nd2 Rxf4+
28. Ke1 Qd4 29. Nb3 Qg1+ 30. Kd2 Nd7 31. Nd4 Ne5 32. Re1 Nc4+ 33. Ke2 Qf2+ 34.
Kd1 Qd2# 0-1

[Event "of Comminication "]
[Site "http://www.queenalice.com/game.php?id=736386"]
[Date "2010.2.23"]
[Round "-"]
[White "rpnoyes"]
[Black "aegoyne"]
[Result "1-0"]
[WhiteElo "1314"]
[BlackElo "1225"]

1. b3 c5 2. Ba3 d6 3. e4 e6 4. Bb5+ Nc6 5. Nh3 Be7 6. Qg4 Nh6 7. Qxg7 Bf6 8.
Qxh6 a6 9. Bc4 Bxa1 10. Nc3 Nd4 11. b4 Nxc2+ 12. Kd1 Nxa3 13. Bb3 a5 14. Qg7
axb4 15. Qxh8+ Kd7 16. Qxd8+ Kxd8 17. Ng5 Ke7 18. Nb5 Nxb5 19. Nxh7 d5 20. exd5
exd5 21. Bxd5 Bg4+ 22. f3 Bf5 23. Ng5 Rd8 24. Bxf7 b3 25. Bxb3 Na3 26. h4 c4 27.
Ba4 Rb8 28. h5 b5 29. Re1+ Kf6 30. Nh7+ Bxh7 31. h6 Rd8 32. d3 bxa4 33. Kd2 Bxd3
34. Rxa1 Kg6 35. Rh1 Bc2+ 36. Kc1 Rb8 37. Kd2 Kg5 38. Kc3 Rc8 39. Kb2 Rb8+ 40.
Kxa3 c3 41. h7 Rb2 42. h8=Q Bb3 43. Qxc3 Rxa2+ 44. Kb4 Bc2 45. Qe5+ Kg6 46. Rh8
Rb2+ 47. Qxb2 Bb3 48. f4 Kf5 49. Qe5+ Kg4 50. Qg5# 1-0

[Event "Ryan's Amanda's B"]
[Site "http://www.queenalice.com/game.php?id=818915"]
[Date "2010.8.16"]
[Round "-"]
[White "aegoyne"]
[Black "rpnoyes"]
[Result "0-1"]
[WhiteElo "1212"]
[BlackElo "1335"]

1. d3 e5 2. h4 Bb4+ 3. c3 Bc5 4. d4 exd4 5. g3 dxc3 6. bxc3 Qf6 7. Qc2 Qxf2+ 8.
Kd2 Be3+ 9. Kd3 d5 10. Qd1 Bf5# 0-1